Central Library OPAC University of Rajshahi

Cytogenetics : (Record no. 86288)

MARC details
000 -LEADER
fixed length control field 00637nam a2200229 a 4500
001 - CONTROL NUMBER
control field 86288
003 - CONTROL NUMBER IDENTIFIER
rucl marc code BD-RjUL
005 - DATE AND TIME OF LATEST TRANSACTION
control field 20260401121745.0
008 - FIXED-LENGTH DATA ELEMENTS--GENERAL INFORMATION
fixed length control field 260401r20232022ii ||||| |||| 00| 0 eng d
020 ## - INTERNATIONAL STANDARD BOOK NUMBER
International Standard Book Number 9789392924187
035 ## - SYSTEM CONTROL NUMBER
System control number (BD-RjUL)86288
040 ## - CATALOGING SOURCE
Original cataloging agency BD-RjUL
Language of cataloging eng
Transcribing agency BD-RjUL
041 ## - LANGUAGE CODE
Language code of text/sound track or separate title eng
082 ## - DEWEY DECIMAL CLASSIFICATION NUMBER
Edition number 23
Classification number 572.8
Author mark and year GUC 2023
100 ## - MAIN ENTRY--PERSONAL NAME
Personal name Gupta, P. K.
9 (RLIN) 17952
245 ## - TITLE STATEMENT
Title Cytogenetics :
Remainder of title Including Molecular Cytogenetics /
Statement of responsibility, etc. P. K. Gupta
250 ## - EDITION STATEMENT
Edition statement 2nd rev. & enl ed.
260 ## - PUBLICATION, DISTRIBUTION, ETC. (IMPRINT)
Place of publication, distribution, etc. Meerut :
Name of publisher, distributor, etc. Rastogi Publications,
Date of publication, distribution, etc. 2022-2023
300 ## - PHYSICAL DESCRIPTION
Pagination 524 p.:
Illustrations ill.;
Size 25 cm.
650 ## - SUBJECT ADDED ENTRY--TOPICAL TERM
Topical term or geographic name as entry element Cytogenetics
942 ## - ADDED ENTRY ELEMENTS (KOHA)
Source of classification or shelving scheme Dewey Decimal Classification
Koha item type Books
Holdings
Lost status Source of classification or shelving scheme Damaged status Not for loan Collection code Permanent Location Current Location Shelving location Date acquired Source of acquisition Cost, normal purchase price Total Checkouts Full call number Date last seen Copy number Koha item type
  Dewey Decimal Classification   Not For Loan Non-fiction Central Library, University of Rajshahi Central Library, University of Rajshahi Reading Room 01/04/2026 Omni Concept, Dhaka 875.00   572.8 GUC 2023 01/04/2026 C-1 Books
  Dewey Decimal Classification     Non-fiction Central Library, University of Rajshahi Central Library, University of Rajshahi General Stacks 01/04/2026 Omni Concept, Dhaka 875.00   572.8 GUC 2023 01/04/2026 C-2 Books
  Dewey Decimal Classification     Non-fiction Central Library, University of Rajshahi Central Library, University of Rajshahi General Stacks 01/04/2026 Omni Concept, Dhaka 875.00   572.8 GUC 2023 01/04/2026 C-3 Books
  Dewey Decimal Classification     Non-fiction Central Library, University of Rajshahi Central Library, University of Rajshahi General Stacks 01/04/2026 Omni Concept, Dhaka 875.00   572.8 GUC 2023 01/04/2026 C-4 Books
  Dewey Decimal Classification     Non-fiction Central Library, University of Rajshahi Central Library, University of Rajshahi General Stacks 01/04/2026 Omni Concept, Dhaka 875.00   572.8 GUC 2023 01/04/2026 C-5 Books